00877 2200217 4500001002100000005001500021035002000036007000300056008004100059020002200100082001000122084001600132100001200148245008100160250001100241260004500252300004700297650001200344520028700356990001600643INLIS00000000000001820220427094027 a0010-0422000005ta220427 b 0 ind  a978-602-01-2259-5 a372.7 a372.7 SUD p0 aSudibyo1 aPersatuan dalam Perbedaan :bTematik Terpadu untuk SD/Mi Kelas 6 /cSudibyo aRevisi aBandung :bGrafindo Media Pratama,c2018 a126 halaman :bilustrasi berwarna ;c25 cm 4aTematik aPembelajaran Tematik Terpadu untuk SD/MI Kelas VI meliputi lima mata pelajaran yang dipelajari secara terpadu, yaitu Bahasa Indonesia, Pendidikan Pancasila dan Kewarganegaraan (PPKn), Ilmu Pengetahuan Alam (IPA), Ilmu Pengetahuan Sosial (IPS), serta Seni Budaya dan Prakarya (SBdP). a00000000016